| 000 | 01019cam a2200265 a 4500 | ||
|---|---|---|---|
| 999 |
_c57773 _d57773 |
||
| 001 | 11995483 | ||
| 005 | 20201124101004.0 | ||
| 008 | 000503s1999 mnu b 001 0 eng | ||
| 020 | _a9780314231680 | ||
| 041 | _aeng | ||
| 080 | _a342.515+366.5 M-29 | ||
| 100 | 1 |
_aMarsh, Gene A. _99747 |
|
| 245 | 1 | 0 |
_aConsumer protection law in a nutshell / _cby Gene A. Marsh. |
| 250 | _a3rd ed. | ||
| 264 |
_aSt. Paul, Minn. : _bWest Group, _c1999. |
||
| 300 |
_a445 p. ; _c19 cm. |
||
| 490 | 1 | _aWest nutshell series | |
| 650 | 0 |
_aConsumer protection _xLaw and legislation _zUnited States. _99714 |
|
| 653 | _aსამართალი | ||
| 653 | _aმომხმარებლების უფლებების დაცვა | ||
| 653 | _aკანონი და კანონმდებლობა | ||
| 830 | 0 |
_aNutshell series. _99748 |
|
| 942 |
_2udc _cBK |
||
| 955 | _ato SSCD pb05 05-03-00; sg98 (desc) 5-11-00; sg18 05-12-00; sg10 05-15-00 to Dewey; aa19 05-30-2000; sg07 06-16-00 copy 2 to BCCD | ||